<?xml version="1.0" encoding="UTF-8"?>
<record
    xmlns:xsi="http://www.w3.org/2001/XMLSchema-instance"
    xsi:schemaLocation="http://www.loc.gov/MARC21/slim http://www.loc.gov/standards/marcxml/schema/MARC21slim.xsd"
    xmlns="http://www.loc.gov/MARC21/slim">

  <leader>00462nam a2200169Ia 4500</leader>
  <controlfield tag="008">230718s9999    xx            000 0 und d</controlfield>
  <datafield tag="020" ind1=" " ind2=" ">
    <subfield code="a">9780143442424</subfield>
  </datafield>
  <datafield tag="041" ind1=" " ind2=" ">
    <subfield code="a">eng</subfield>
  </datafield>
  <datafield tag="082" ind1=" " ind2=" ">
    <subfield code="a">658.054 75</subfield>
    <subfield code="b">PAT</subfield>
  </datafield>
  <datafield tag="100" ind1=" " ind2=" ">
    <subfield code="a">Pathak A.</subfield>
    <subfield code="9">110884</subfield>
  </datafield>
  <datafield tag="245" ind1=" " ind2=" ">
    <subfield code="a">Contract Terms Are Common Sense</subfield>
  </datafield>
  <datafield tag="260" ind1=" " ind2=" ">
    <subfield code="c">2018</subfield>
    <subfield code="b">Portfolio /Penguin</subfield>
  </datafield>
  <datafield tag="300" ind1=" " ind2=" ">
    <subfield code="a">186</subfield>
  </datafield>
  <datafield tag="365" ind1=" " ind2=" ">
    <subfield code="c">Rs.</subfield>
    <subfield code="b">299.00</subfield>
  </datafield>
  <datafield tag="700" ind1=" " ind2=" ">
    <subfield code="a">Pathak A.</subfield>
    <subfield code="9">110884</subfield>
  </datafield>
  <datafield tag="906" ind1=" " ind2=" ">
    <subfield code="d">O:0678805-Dec-2019B:09127-Nov-2019</subfield>
    <subfield code="c">GENRL</subfield>
    <subfield code="b">74.75</subfield>
  </datafield>
  <datafield tag="999" ind1=" " ind2=" ">
    <subfield code="c">350686</subfield>
    <subfield code="d">350686</subfield>
  </datafield>
  <datafield tag="952" ind1=" " ind2=" ">
    <subfield code="0">0</subfield>
    <subfield code="1">0</subfield>
    <subfield code="4">0</subfield>
    <subfield code="7">0</subfield>
    <subfield code="a">CCEP</subfield>
    <subfield code="b">CCEP</subfield>
    <subfield code="d">2019-12-05</subfield>
    <subfield code="e">Shiv Book Center</subfield>
    <subfield code="f">GENRL</subfield>
    <subfield code="g">224.25</subfield>
    <subfield code="i">91</subfield>
    <subfield code="l">1</subfield>
    <subfield code="o">658.054 75</subfield>
    <subfield code="p">CCEP-BK-61893</subfield>
    <subfield code="r">2024-03-05 00:00:00</subfield>
    <subfield code="s">2024-02-20</subfield>
    <subfield code="t">74.75</subfield>
    <subfield code="v">299.00</subfield>
    <subfield code="w">2019-11-27</subfield>
    <subfield code="y">BK</subfield>
    <subfield code="z">061893</subfield>
  </datafield>
</record>
